000 00456nam a2200181Ia 4500
008 090124s9999 xx 000 0 und d
082 _b123629
100 _aगांगल वसंत
245 _a प्राची
250 _a1
260 _c1989
300 _a160
600 _aगांगल वसंत
630 _a प्राची
700 _aगांगल वसंत
730 _a प्राची
942 _cBOOK
999 _c169716
_d169716